01674nam a2200421 a 4500001001000000003000900010005001700019007001000036008004000046020001500086040002200101092001700123100001800140245011800158260003900276300002100315490003700336500003800373650002000411650002400431700003100455700002700486700004400513830003800557910003700595930002100632942001200653945004500665952009700710952010400807952010400911952010401015956004301119956001801162956001801180956003901198999001501237000012189DO-SdBNP20180315101218.0000012189091106s 2006 dr 000 0 spa d a9945408434 aBPMETbspacBPMET a843.8bV531v1 aVerne, Julio 10aViaje al centro de la tierra /cJulio Verne ; versión Maria Isabel Plaz-Power ; ilustración Adolfo Golindano. aSanto Domingo :bTobogán,c2006. a120 p. ;c24 cm.1 aClásicos universales Tobogán aLa biblioteca posee la versión  4aNOVELA FRANCESA 4aLITERATURA FRANCESA12aPlaz Power, María Isabel12aGolindano, Adolfoeil.12d1828-1905tViaje al centro de la tierra 0aClásicos universales Tobogán  aValidado. Control de calidad MFF 1l m 8 f p g  2ddccBK aTítulo remanejado para BNPHU / 2017 VM 00102ddc40708DOMaBPMETbBPMETd2015-05-08l0pBPMET15051631r2015-05-08w2015-05-08yBK 00102ddc40708DOMaBPMETbBPMETd2015-05-08l0pBPMET15051632r2015-05-08tej. 2w2015-05-08yBK 00102ddc40708DOMaBPMETbBPMETd2015-05-15l0pBPMET15051739r2015-05-15tej. 3w2015-05-15yBK 00102ddc40708DOMaBPMETbBPMETd2015-05-15l0pBPMET15051740r2015-05-15tej. 4w2015-05-15yBK a VMATEOb 10c 20161023l BPMSUh 0069 a b c l h  a b c l h  aVMATEOb10c20150508lBPMSUh00151 c7834d7834